00281nam a2200109 a 4500008004100000050001500041100002000056245001200076246004200088260003200130350000900162120416s1978 ||||||||||||||||| || u aDA 145 Web aWebster, Graham10aBoudica athe British revolt against Rome AD 60 aLondonbB.T. Batsfordc1978 a0.00